00684nam a22001937a 4500003000900000008004100009040007100050082001800121100001700139245002500156260004300181300002800224440005100252505012900303650001500432650001400447650001100461700001800472AR-CdUCM190410b ||||| |||| 00| 0 spa d aMUNICIPALIDAD PROVINCIAL DEL CUSCOcBIBLIOTECA MUNICIPAL DEL CUSCO a808.81 /bB61 aBlack, C. E. aEuropa conquistada / aBarcelona :bHispano - europea,c1956. a236 páginas ;c21 cm. aTemas y problemas de nuestro tiempo nSerie A aContenido : La política de la europa oriental -- La evolución de una sociedad agraria -- Hacia una seguridad regional.  aPolítica aSociedad  aEuropa aRipka, Hubert